| 000 | 00564cam a22002291 4500 | ||
|---|---|---|---|
| 001 | ne 68001711 | ||
| 003 | DLC | ||
| 005 | 20260227111841.0 | ||
| 008 | 850708s1965 xx 000 0 per | ||
| 010 | _ane 68001711 | ||
| 035 | _a(OCoLC)31136388 | ||
| 040 |
_aDLC _cNNC _dDLC |
||
| 050 | 0 | 0 |
_aBL2270 _b.A9 |
| 100 | 1 |
_aAwrang, M. _q(Murād) |
|
| 245 | 1 | 0 | _aGawhar-i nihuftah. |
| 260 | _c[pref. 1344 (1965)] | ||
| 300 |
_a167 p. _c25 cm. |
||
| 500 | _aIn Persian. | ||
| 500 | _aAvesta. | ||
| 651 | 0 |
_aIran _xReligion. |
|
| 740 | 0 | _aRāzʼhā-ʼī az Āvīstā | |
| 999 |
_c50358 _d50358 |
||